Basic engineering data collection and analysis

Αποθηκεύτηκε σε:
Λεπτομέρειες βιβλιογραφικής εγγραφής
Κύριος συγγραφέας: Vardeman, Stephen B.
Άλλοι συγγραφείς: Jobe, Marcus J.
Μορφή: Βιβλίο
Γλώσσα:English
Δημοσίευση: Pacific Grove, CA : Australia : Brooks/Cole, 2001
Θέματα:
Ετικέτες: Προσθήκη ετικέτας
Δεν υπάρχουν, Καταχωρήστε ετικέτα πρώτοι!

MARC

LEADER 00000nam a2200000 i 4500
001 1/79193
008 050621s2001 eng d
020 |a 0-534-36957-X 
035 |l 10078695 
040 |a GR-MY-UA  |b gre  |e aacr 
041 0 |a eng 
082 0 |a 620.00151  |2 (22) 
100 1 |a Vardeman, Stephen B. 
245 1 0 |a Basic engineering data collection and analysis /  |c Stephen B. Vardeman; J. Marcus Jobe 
260 |a Pacific Grove, CA :   |a Australia :   |b Brooks/Cole,   |c 2001 
300 |a xv, 832 σ.;  |b εικ.;  |c 24 εκ.+  |e 1 οπτική δισκέτα λέϊζερ Η/Υ 4 3/4 ίν. 
504 |a Περιλαμβάνει ευρετήριο 
650 0 0 |a Engineering  |x Statistical methods. 
650 0 0 |a Engineering  |x Databases. 
700 1 |a Jobe, Marcus J. 
852 |a INST  |b CHIOS  |e 20050621  |h 620.00151 VAR  |p 005200021754  |q 005200021754  |t BK  |y 0 
852 |a INST  |b CHIOS  |e 20050621  |h 620.00151 VAR   |p 005200024918  |q 005200024918  |t BK  |y 0 
901 |a BIBL2-2005-2 
909 |a Χ  |b 118712 
909 |a Χ  |b 119445 
920 |a ΔΙΕΥΡΥΝΣΗ  |b ΕΠΕΑΕΚ-ΤΜΟΔ  |y ΧΙΟΣ  |z 2004-12 
970 |a ΧΑΖΙΡΗ  |b ΑΝΝΑ  |z 2005/06/21